000 00838cam a2200253 a 4500
001 4700177
005 19920720085753.5
008 820409s1981 enka b 001 0 eng
010 _a 82111272
020 _a8120327179
040 _aDLC
_cDLC
_dDLC
_dOCoLC
050 0 0 _aHF5548.2
_b.B834
082 0 0 _a025.0665
_219
_bNII
245 0 0 _aUnderstandig Business information systems /
_cNiit.
260 _aNew Delhi :
_bPHI,
_cc.2005.
300 _a202 p. :
_bill. ;
_c31 cm.
500 _aIncludes index.
500 _aEasten Economy Edition.
504 _aBibliography: p. [395]-435.
650 0 _aBusiness
_xData processing.
700 1 _aPappenheim, Anne E.
942 _2ddc
_cBB
999 _c10787
_d10787